LEADER 00847nam0-22002891i-450- 001 990000134200403321 005 20111214112014.0 035 $a000013420 035 $aFED01000013420 035 $a(Aleph)000013420FED01 035 $a000013420 100 $a20020821d--------km-y0itay50------ba 101 0 $aita 105 $ay-------001yy 200 1 $aSui telegrafi italiani$ecenni monografici$fMinistero dei lavori pubblici. 210 $aRoma$cTipografia Eredi Botta$d1878 215 $aIX, 15 p., 1 tav.$cill.$d49 cm 610 0 $aTelegrafia$aItalia 676 $a384.1 710 02$aItalia.$bMinistero dei lavori pubblici$0285513 801 0$aIT$bUNINA$gRICA$2UNIMARC 901 $aBK 912 $a990000134200403321 952 $a13 AR 30 D 20$b9710$fFINBC 959 $aFINBC 996 $aSui telegrafi italiani$9114032 997 $aUNINA LEADER 01709nas 2200541-- 450 001 996214771803316 005 20210527044532.6 035 $a(DE-599)ZDB2260972-6 035 $a(CKB)960239006667 035 $a(CONSER)---78008310- 035 $a(EXLCZ)99960239006667 100 $a20740312b19671992 --- a 101 0 $aeng 181 $ctxt$2rdacontent 182 $cc$2rdamedia 183 $acr$2rdacarrier 200 00$aRadical America 210 $a[Somerville, Mass., etc.]$cAlternative Education Project$d1967-1999 215 $a1 online resource 300 $aRefereed/Peer-reviewed 311 08$aPrint version: Radical America. 0033-7617 (DLC) 78008310 (OCoLC)827296 517 1 $aRadical America komiks 531 $aRADIC AM 531 0 $aRadic. Am. 606 $aLabor$zUnited States$vPeriodicals 606 $aWorking class$zUnited States$vPeriodicals 606 $aRadicalism$zUnited States$vPeriodicals 606 $aLabor$2fast$3(OCoLC)fst00989798 606 $aRadicalism$2fast$3(OCoLC)fst01087015 606 $aWorking class$2fast$3(OCoLC)fst01180418 606 $aWorking class press, magazines, news agencies$2mmm 607 $aUnited States$2fast 608 $aPeriodicals.$2fast 608 $aPeriodicals.$2lcgft 608 $aComic books, strips, etc.$2gsafd 615 0$aLabor 615 0$aWorking class 615 0$aRadicalism 615 7$aLabor. 615 7$aRadicalism. 615 7$aWorking class. 615 7$aWorking class press, magazines, news agencies. 676 $a322/.2/0973 906 $aJOURNAL 912 $a996214771803316 920 $aexl_impl conversion 996 $aRadical America$92105577 997 $aUNISA